Filmographie Jean-Jacques Annaud - Statistiques

Statistiques générales
  • Ce quiz a été pris 15 fois
  • Le résultat moyen est 6 sur 14
Statistiques - réponses
Année Films % Correct
1988 L'Ours
93%
1981 La Guerre du feu
87%
1986 Le Nom de la rose
73%
2004 Deux Frères
60%
1979 Coup de tête
53%
1992 L'Amant
47%
2022 Notre-Dame brûle
40%
1997 Sept Ans au Tibet
40%
2007 Sa Majesté Minor
33%
2001 Stalingrad
33%
1976 La Victoire en chantant
27%
1995 Guillaumet, les ailes du courage
20%
2015 Le Dernier Loup
20%
2011 Or noir
20%
Aucun quiz correspondant
Distribution des résultats
% des personnes avec chaque résultat
Percentile par nombre de réponses
Votre historique - résultats
Vous n’avez pas pris ce quiz